| 000 | 01077nam a2200337Ia 4500 | ||
|---|---|---|---|
| 003 | GCL | ||
| 008 | 140319s9999 xx 000 0 ara d | ||
| 040 |
_aGCL / _cGCL |
||
| 082 | 0 | 4 |
_a811.009 _bش ت |
| 100 | 1 | _aشمس الدين موسى | |
| 245 | 1 | 0 |
_aتاملات فى ابداعات الكاتبة العربية / _cشمس الدين موسى |
| 300 | _a135 ص | ||
| 490 |
_aدراسات ادبية _v0 |
||
| 650 | 0 | 4 | _aالقصص العربية |
| 650 | 0 | 4 | _aالادباء العرب |
| 650 | 0 | 4 | _aاعتمادات |
| 650 | 0 | 4 | _aالادب العربى - العصر الحديث |
| 650 | 0 | 4 | _aالقصص العربية - تاريخ ونقد |
| 650 | 0 | 4 | _aلطيفة الزيات |
| 650 | 0 | 4 | _aغادة السمان |
| 650 | 0 | 4 | _aسلوى بكر |
| 650 | 0 | 4 | _aفوزية مهران |
| 650 | 0 | 4 | _aليلى الشربينى |
| 650 | 0 | 4 | _aمنى حلمى |
| 650 | 0 | 4 | _aهالة البدرى |
| 650 | 0 | 4 | _aرضوى عاشور |
| 650 | 0 | 4 | _aسحر خليفة |
| 650 | 0 | 4 | _aفوزية رشد |
| 650 | 0 | 4 | _aاعتدال عثمان |
| 942 |
_2ddc _cBK |
||
| 999 |
_c49358 _d49358 |
||